000 05425nab a2200313 i 4500
003 BR-BrBNA
005 20241113124415.0
008 241113b2021 bl.qr|pooa||| 00| 0 por |
040 _aBR-BrBNA
_bpor
072 _aF62
072 _aF04
100 _aXimenes, Elen Silma Oliveira Cruz
100 _aSilva, Andréa Carvalho da
100 _aSouza, Adilson Pacheco de
100 _aSilva, Kalisto Natam Carneiro
100 _aAragão, Wesley Filipe Dutra Ximenes
100 _aNogueira, Herculis
245 _aEfeitos de retardantes de fogo sobre a emergência e crescimento inicial de Handroanthus ochraceus (cham.) Mattos e Tabebuia roseoalba (Ridl.) Sandwith
500 _aPublicação on-line; 46 ref.; 1 table; 12 illus.; Summaries (En, Pt)
520 _a RESUMO Objetivou-se avaliar os efeitos de retardantes de fogo de curta duração e de um polímero hidrorretentor sobre a emergência e crescimento inicial de Handroanthus ochraceus e Tabebuia roseoalba, em condições de ambiente protegido. Foram realizadas aplicações via substrato na semeadura e com intervalos quinzenais, dos seguintes retardantes de fogo e concentrações: Phos-Chek WD881® (0; 3,00; 6,00; 8,00; 10,00 mL L-1), Hold Fire® (0; 7,00; 9,00; 12,00; 15,00 mL L-1), e polímero hidrorretentor Nutrigel® (0, 0,25; 0,50; 0,75; 1,00 g L-1), em delineamento inteiramente casualizado, com 10 repetições por tratamento. Nas concentrações iguais a 0, utilizou-se apenas água. A emergência das plântulas foi avaliada por meio do índice de velocidade de emergência, porcentagem e tempo médio de emergência. Realizaram-se análises de crescimento destrutivas aos 30, 45, 60, 90 e 120 dias após a semeadura (DAS), enquanto as análises de fluorescência da clorofila a foram realizadas em três plantas por tratamento, a partir de 60 DAS. As concentrações testadas de Phos-Chek WD881, Hold Fire e Nutrigel não influenciaram na emergência das plântulas das espécies Handroanthus ochraceus e Tabebuia roseoalba. Aplicações de Phos-Chek WD881 até 5,00mL L-1 propiciam efeitos positivos sobre o crescimento das duas espécies. Concentrações de Hold Fire até 8,00 mL L-1 favorecem o crescimento inicial de Tabebuia roseoalba. O crescimento em diâmetro de Handroanthus ochraceus apresenta resposta positiva a partir de 9,60 mL L-1 quando submetido ao retardante Hold Fire. O intervalo de 0,50 g L-1 a 0,88 g L-1do polímero hidrorretentor Nutrigel promove o crescimento em diâmetro das duas espécies. A fluorescência da clorofila a indica que ocorreu pleno funcionamento da etapa fotoquímica no processo fotossintético de Handroanthus ochraceus e Tabebuia roseoalba na presença dos retardantes de fogo e do polímero hidroretentor. Palavras-chave: Análise de crescimento; Fluorescência; Retardante de fogo de curta duração; Hidrogel
520 _a ABSTRACT The objective of this study was to evaluate the effects of short-term fire retardants and a water-retaining polymer on the emergence and initial growth of Handroanthus ochraceus and Tabebuia roseoalba, in protected environment conditions. Applications were made via substrate at sowing and at fortnightly intervals, of the following fire retardants and concentrations: Phos-Chek WD881® (0; 3.00; 6.00; 8.00; 10.00 mL L-1), Hold Fire ® (0.7.00; 9.00; 12.00; 15.00 mL L-1), and the water-retaining polymer Nutrigel® (0.25; 0.50; 0.75; 1.00 g L-1), in a completely randomized design, with 10 replicates per treatment. At concentrations equal to 0, only water was used. Seedling emergence was assessed using the emergence speed index, percentage and average emergence time. Destructive growth analyzes were performed at 30, 45, 60, 90 and 120 days after sowing (DAS), while chlorophyll fluorescence analyzes were performed on 3 plants per treatment, starting at 60 DAS. The tested concentrations of Phos-Chek WD881, Hold Fire and Nutrigel did not influence the emergence of seedlings of the species Handroanthus ochraceus and Tabebuia roseoalba. Applications of Phos-Chek WD881 up to 5.00 mL -1 provide positive effects on the growth of both species. Hold Fire concentrations up to 8.00 mL L-1 favor the initial growth of Tabebuia roseoalba. The growth in diameter of Handroanthus ochraceus shows a positive response from 9.60 mL L-1 when subjected to the Hold Fire retardant. The range of 0.50 g L-1 to 0.88 g L-1 of the water-retaining polymer Nutrigel promotes growth in diameter of the two species. The fluorescence of chlorophyll a indicates that the photochemical step has fully functioned in the photosynthetic process of Handroanthus ochraceus and Tabebuia roseoalba in the presence of fire retardants and the water-retaining polymer. Keywords: Growth analysis; Fluorescence; Short term fire retardant; Hydrogel
650 _aCRESCIMENTO
650 _aFOGO
650 _aRESISTÊNCIA A PRODUTOS QUÍMICOS
773 0 _04065
_9344970
_dSanta Maria-RS Universidade Federal de Santa Maria - Centro de Pesquisas Florestais.Departamento de Ciências Florestais. Programa de Pós-Graduação em Engenharia Florestal 1991
_o2024-5382
_tCiência Florestal (Brazil)
_x0103-9954; 1980-5098 (on-line)
_gv. 31(1) p. 367-392; (Jan-Mar 2021)
_wBR2023001842
856 _uhttps://www.scielo.br/j/cflo/a/Vmyn9h3fB7ZSQ4DRQZ6PGpw/?format=pdf&lang=pt
942 _cANA
999 _c328613
_d328613